[Event "4NCL/Div2/RIC vs. SWD1"]
[Site "Birmingham ENG"]
[Date "2001.11.24"]
[Round "3.2"]
[White "Cooper, John G"]
[Black "Bates, Richard A"]
[Result "1/2-1/2"]
[WhiteElo "2333"]
[BlackElo "2358"]
[PlyCount "74"]
[EventDate "2001.11.24"]
[SourceDate "2001.01.01"]

1. d4 Nf6 2. c4 g6 3. Nc3 d5 4. cxd5 Nxd5 5. e4 Nxc3 6. bxc3 Bg7 7. Bc4 c5 8.
Ne2 Nc6 9. Be3 O-O 10. O-O Bg4 11. f3 cxd4 12. cxd4 Na5 13. Bxf7+ Rxf7 14. fxg4
Rxf1+ 15. Kxf1 e5 16. d5 Nc4 17. Qd3 Nxe3+ 18. Qxe3 Qh4 19. Kg1 Bh6 20. Qb3
Qxg4 21. d6+ Kh8 22. Qxb7 Rf8 23. Ng3 Be3+ 24. Kh1 Bd4 25. Qe7 Kg8 26. Rb1 Rf7
27. Qe8+ Kg7 28. Rc1 h5 29. Nf5+ gxf5 30. d7 Qf4 31. Rd1 Bb6 32. h3 fxe4 33.
d8=Q Qf1+ 34. Rxf1 Rxf1+ 35. Kh2 Bg1+ 36. Kg3 Bf2+ 37. Kh2 Bg1+ 1/2-1/2

[Event "4NCL/Div2/RIC vs. SWD1"]
[Site "Birmingham ENG"]
[Date "2001.11.24"]
[Round "3.3"]
[White "Hinks-Edwards, Thomas"]
[Black "Zeidler, Sven P"]
[Result "1-0"]
[WhiteElo "2322"]
[BlackElo "2296"]
[PlyCount "81"]
[EventDate "2001.11.24"]
[SourceDate "2001.01.01"]

1. e4 d5 2. exd5 Qxd5 3. Nf3 Bg4 4. Be2 Nc6 5. d4 Nf6 6. h3 Bxf3 7. Bxf3 Qf5 8.
O-O Nb4 9. Na3 O-O-O 10. c3 Nbd5 11. Nc4 Nb6 12. Ne5 Nfd7 13. Bg4 Qf6 14. Qf3
Qxf3 15. gxf3 h5 16. Nxf7 hxg4 17. Nxh8 gxh3 18. Nf7 Re8 19. Re1 e5 20. Nxe5
Bd6 21. Bf4 Bxe5 22. Bxe5 Nc4 23. Bg3 Rf8 24. Re2 Nf6 25. b3 Nd6 26. Bxd6 cxd6
27. Rae1 g5 28. Kh2 Nd5 29. Re8+ Rxe8 30. Rxe8+ Kd7 31. Re3 Nf4 32. Kg3 Kc6 33.
Re8 Kd5 34. Rg8 Ne2+ 35. Kxh3 Nxc3 36. Kg4 Kxd4 37. Kxg5 b5 38. f4 a5 39. f5 a4
40. bxa4 bxa4 41. f6 1-0

[Event "4NCL/Div2/RIC vs. SWD1"]
[Site "Birmingham ENG"]
[Date "2001.11.24"]
[Round "3.4"]
[White "Dineley, Richard D.P"]
[Black "Webb, Laurence E"]
[Result "1/2-1/2"]
[WhiteElo "2284"]
[BlackElo "2246"]
[PlyCount "58"]
[EventDate "2001.11.24"]
[SourceDate "2001.01.01"]

1. e4 e5 2. Nf3 Nc6 3. Bb5 a6 4. Bxc6 dxc6 5. O-O Ne7 6. Nxe5 Qd4 7. Qh5 g6 8.
Qg5 Bg7 9. Nf3 Qxe4 10. Re1 Qb4 11. c3 Qd6 12. d4 h6 13. Qg3 Qxg3 14. hxg3 Be6
15. Bf4 Nd5 16. Be5 O-O 17. Bxg7 Kxg7 18. Nbd2 Rae8 19. Ne4 Nf6 20. Nxf6 Kxf6
21. Re5 Ke7 22. Rae1 Kd7 23. a3 f6 24. R5e3 Bd5 25. Nd2 Rxe3 26. Rxe3 Re8 27.
Rxe8 Kxe8 28. g4 Ke7 29. f3 b6 1/2-1/2

[Event "4NCL/Div2/RIC vs. SWD1"]
[Site "Birmingham ENG"]
[Date "2001.11.24"]
[Round "3.5"]
[White "Franklin, Michael J"]
[Black "James, David J"]
[Result "1/2-1/2"]
[WhiteElo "2233"]
[BlackElo "2247"]
[PlyCount "40"]
[EventDate "2001.11.24"]
[SourceDate "2001.01.01"]

1. d4 Nf6 2. Nf3 b6 3. Bf4 Ba6 4. Nbd2 d5 5. c3 e6 6. Ne5 c6 7. h3 Be7 8. Qc2
O-O 9. Rd1 Qc8 10. e3 Bxf1 11. Nxf1 c5 12. Ng3 Nc6 13. O-O Qb7 14. dxc5 Nxe5
15. Bxe5 bxc5 16. c4 Nd7 17. Bc3 dxc4 18. Qe2 Bf6 19. Qxc4 Bxc3 20. Qxc3 Nf6
1/2-1/2

[Event "4NCL/Div2/RIC vs. SWD1"]
[Site "Birmingham ENG"]
[Date "2001.11.24"]
[Round "3.6"]
[White "Johnston, Dafydd"]
[Black "Phillips, Roy"]
[Result "1-0"]
[WhiteElo "2230"]
[BlackElo "2228"]
[PlyCount "47"]
[EventDate "2001.11.24"]
[SourceDate "2001.01.01"]

1. e4 e6 2. d4 d5 3. Nc3 Nf6 4. e5 Nfd7 5. f4 c5 6. Nf3 Nc6 7. Be3 cxd4 8. Nxd4
Bc5 9. Qd2 a6 10. O-O-O Nxd4 11. Bxd4 b5 12. Ne4 Bxd4 13. Nd6+ Ke7 14. Qxd4 Qb6
15. Qd2 Nc5 16. Bd3 Nb7 17. Nxc8+ Raxc8 18. f5 h6 19. Rhf1 Qa5 20. Qf4 Rcf8 21.
Kb1 Nc5 22. b4 Nxd3 23. Qh4+ g5 24. fxg6+ 1-0

[Event "4NCL/Div2/RIC vs. SWD1"]
[Site "Birmingham ENG"]
[Date "2001.11.24"]
[Round "3.7"]
[White "Nixon, Thomas CM"]
[Black "Richmond, Peter A"]
[Result "0-1"]
[WhiteElo "2160"]
[BlackElo "2240"]
[PlyCount "94"]
[EventDate "2001.11.24"]
[SourceDate "2001.01.01"]

1. d4 d5 2. c4 e6 3. Nc3 c6 4. cxd5 exd5 5. Nf3 Bf5 6. g3 Nf6 7. Bg2 Be7 8. Qb3
Qb6 9. Qxb6 axb6 10. Bf4 Nbd7 11. O-O O-O 12. Nd2 Rfe8 13. Rfe1 b5 14. f3 b4
15. Nd1 Bd8 16. Be3 Bb6 17. Bf2 Re7 18. b3 Rae8 19. Kf1 Rxe2 20. Rxe2 Bd3 21.
Nb2 Rxe2 22. Nxd3 Rxd2 23. Nc5 Rc2 24. a3 Nxc5 25. dxc5 Rxf2+ 26. Kxf2 Bxc5+
27. Ke2 bxa3 28. Kd3 Bb4 29. Bf1 Kf8 30. Kd4 Ke7 31. Bd3 Kd6 32. Ke3 h6 33. h3
Bc5+ 34. Ke2 Nh5 35. g4 Nf4+ 36. Kd2 Nxh3 37. Kc3 Nf4 38. Bf1 d4+ 39. Kc2 Bb4
40. Bc4 f6 41. Rd1 Kc5 42. Rh1 Bc3 43. Kb1 b5 44. Bf7 Kb4 45. Ka2 d3 46. Be8 d2
47. Bxc6 Nd3 0-1

[Event "4NCL/Div2/RIC vs. SWD1"]
[Site "Birmingham ENG"]
[Date "2001.11.24"]
[Round "3.8"]
[White "Johnston, Lowri"]
[Black "Wilson, Alexandra"]
[Result "1-0"]
[WhiteElo "1608"]
[BlackElo "1664"]
[PlyCount "47"]
[EventDate "2001.11.24"]
[SourceDate "2001.01.01"]

1. d4 Nf6 2. Nf3 g6 3. Nc3 Bg7 4. e4 d6 5. Be3 c6 6. Qd2 b5 7. Bd3 O-O 8. O-O-O
Qa5 9. Kb1 b4 10. Ne2 Ng4 11. h4 Nxe3 12. Qxe3 Be6 13. Nc1 c5 14. d5 Bg4 15.
Qg5 Bxf3 16. gxf3 Bf6 17. Qg3 h5 18. f4 Kh7 19. e5 dxe5 20. fxe5 Bh8 21. Rhg1
Rg8 22. e6 f5 23. Bxf5 Bxb2 24. Bxg6+ 1-0

[Event "4NCL/Div2/SLO2 vs. PPA1"]
[Site "Birmingham ENG"]
[Date "2001.11.24"]
[Round "3.1"]
[White "Devereaux, Maxim"]
[Black "Swanson, Stephen"]
[Result "1/2-1/2"]
[WhiteElo "2282"]
[BlackElo "2271"]
[PlyCount "82"]
[EventDate "2001.11.24"]
[SourceDate "2001.01.01"]

1. Nf3 Nf6 2. c4 c6 3. d4 d6 4. Nc3 Nbd7 5. Bf4 g6 6. h4 h6 7. e3 Bg7 8. Bd3 a6
9. a4 Nh5 10. Bh2 Ndf6 11. a5 Ng4 12. Qc2 O-O 13. b4 f5 14. d5 cxd5 15. cxd5
Bd7 16. Rc1 b6 17. Qa2 Rc8 18. Qa3 b5 19. O-O Qe8 20. Ne2 Qf7 21. Qb3 Nxh2 22.
Kxh2 e5 23. dxe6 Bxe6 24. Qd1 Rxc1 25. Qxc1 Bd5 26. Ned4 Qe7 27. g3 Qb7 28. Nd2
Nf6 29. f3 Nd7 30. Qb1 Ne5 31. Bc2 Nc4 32. Nxc4 Bxc4 33. Bb3 Bxd4 34. exd4 Qd5
35. Bxc4 bxc4 36. Qc1 f4 37. Kg2 Kg7 38. Re1 fxg3 39. Re7+ Rf7 40. Qe3 g5 41.
b5 Qxb5 1/2-1/2

[Event "4NCL/Div2/SLO2 vs. PPA1"]
[Site "Birmingham ENG"]
[Date "2001.11.24"]
[Round "3.2"]
[White "Waddington, Michael P"]
[Black "Tarifa, Alket"]
[Result "0-1"]
[WhiteElo "2235"]
[BlackElo "2249"]
[PlyCount "162"]
[EventDate "2001.11.24"]
[SourceDate "2001.01.01"]

1. Nc3 d5 2. e4 d4 3. Nce2 Nc6 4. Ng3 e5 5. Nf3 g6 6. Bc4 Bg7 7. d3 Na5 8. Bb3
Nxb3 9. axb3 Qe7 10. O-O Nh6 11. Bg5 f6 12. Bd2 O-O 13. Qc1 Nf7 14. Ne1 c5 15.
f4 b6 16. Nf3 exf4 17. Bxf4 a5 18. Qe1 Bb7 19. Kh1 Bh6 20. Bd2 Bxd2 21. Qxd2
Ne5 22. Nxe5 fxe5 23. Kg1 Qh4 24. Rxf8+ Rxf8 25. Rf1 Rxf1+ 26. Nxf1 Bc8 27. h3
Kg7 28. Qf2 Qxf2+ 29. Kxf2 Be6 30. Nd2 b5 31. Nb1 a4 32. bxa4 bxa4 33. Na3 Kf6
34. c3 dxc3 35. bxc3 Bb3 36. h4 g5 37. hxg5+ Kxg5 38. Ke3 Kg4 39. Kf2 Kf4 40.
Ke2 Kg3 41. Kf1 Bd1 42. Ke1 Bb3 43. Kf1 h6 44. Kg1 Bd1 45. Kf1 h5 46. Ke1 Bg4
47. Kf1 h4 48. Nc4 Bd1 49. Na3 Be2+ 50. Kxe2 Kxg2 51. d4 cxd4 52. cxd4 h3 53.
Nc4 a3 54. Nxa3 h2 55. Nc4 exd4 56. Kd3 h1=Q 57. Kxd4 Qh4 58. Kd5 Kf3 59. Ne5+
Ke3 60. Nc4+ Kd3 61. Ne5+ Kc3 62. Nc6 Qh1 63. Ke5 Kc4 64. Kf5 Qh5+ 65. Ke6 Qg6+
66. Kd7 Qxe4 67. Ne7 Kc5 68. Kd8 Qe6 69. Nc8 Qf7 70. Ne7 Qf6 71. Kd7 Qd6+ 72.
Ke8 Qe6 73. Kd8 Qa6 74. Kd7 Qb6 75. Ke8 Qc7 76. Kf8 Kd6 77. Nf5+ Ke5 78. Ng7
Qd7 79. Ne8 Kf5 80. Ng7+ Kg6 81. Ne6 Qf7# 0-1

[Event "4NCL/Div2/SLO2 vs. PPA1"]
[Site "Birmingham ENG"]
[Date "2001.11.24"]
[Round "3.3"]
[White "Richmond, Robert J"]
[Black "Harley, Andrew"]
[Result "0-1"]
[WhiteElo "2234"]
[BlackElo "2258"]
[PlyCount "56"]
[EventDate "2001.11.24"]
[SourceDate "2001.01.01"]

1. d4 e6 2. c4 Nf6 3. Nc3 Bb4 4. e3 c5 5. Nge2 cxd4 6. exd4 O-O 7. g3 d5 8.
cxd5 Qxd5 9. Rg1 Nc6 10. Bg2 Qa5 11. Bd2 Qd8 12. Bxc6 bxc6 13. Qa4 Qb6 14. a3
Be7 15. Qc2 Ba6 16. Na4 Qb5 17. Nec3 Qh5 18. h4 e5 19. g4 Nxg4 20. Qd1 f5 21.
dxe5 Qxh4 22. Qf3 Nxe5 23. Qg2 Qg4 24. Qxg4 fxg4 25. O-O-O Rxf2 26. Ne4 Rff8
27. Bc3 Ng6 28. Rxg4 Be2 0-1

[Event "4NCL/Div2/SLO2 vs. PPA1"]
[Site "Birmingham ENG"]
[Date "2001.11.24"]
[Round "3.4"]
[White "Moore, Gerald"]
[Black "Armstrong, Malcolm J"]
[Result "1-0"]
[WhiteElo "2233"]
[BlackElo "2132"]
[PlyCount "131"]
[EventDate "2001.11.24"]
[SourceDate "2001.01.01"]

1. Nf3 Nf6 2. c4 e6 3. g3 b6 4. Bg2 Bb7 5. O-O c5 6. Nc3 Be7 7. Re1 O-O 8. e4
d6 9. d4 cxd4 10. Nxd4 Qc8 11. b3 a6 12. Bb2 Nbd7 13. Qe2 Rd8 14. Rad1 Bf8 15.
f4 e5 16. Nf5 Qc5+ 17. Kh1 b5 18. Nd5 bxc4 19. b4 Qa7 20. Nxf6+ Nxf6 21. fxe5
dxe5 22. Bxe5 Qb6 23. Rxd8 Rxd8 24. Rf1 Qe6 25. Nh6+ Kh8 26. Qb2 c3 27. Bxc3
Bxe4 28. Nxf7+ Qxf7 29. Bxe4 Qc4 30. Bg2 Nd5 31. Rxf8+ Rxf8 32. Bxg7+ Kg8 33.
Bxf8 Kxf8 34. Qh8+ Kf7 35. Qxh7+ Kf6 36. Qh6+ Ke7 37. h3 Nf6 38. Qf4 Qxa2 39.
Qc7+ Nd7 40. Kh2 Qe6 41. h4 Kf6 42. Qc6 Qxc6 43. Bxc6 Ne5 44. Bb7 Nd3 45. Bxa6
Nxb4 46. Bb7 Nd3 47. Be4 Ne5 48. Kh3 Kg7 49. Kg2 Ng4 50. Kf3 Nf6 51. Bd3 Kh6
52. Be2 Kg7 53. Kf4 Nd5+ 54. Ke5 Nf6 55. Bf3 Nd7+ 56. Kf5 Nf6 57. Bc6 Ng8 58.
Bf3 Nh6+ 59. Kg5 Nf7+ 60. Kf4 Nh6 61. h5 Kf6 62. Bd5 Kg7 63. Kg5 Kh7 64. Bc4
Kg7 65. Be6 Kh7 66. Kf6 1-0

[Event "4NCL/Div2/SLO2 vs. PPA1"]
[Site "Birmingham ENG"]
[Date "2001.11.24"]
[Round "3.5"]
[White "de Coverly, Roger"]
[Black "Rosen, Daniel B"]
[Result "1-0"]
[WhiteElo "2106"]
[BlackElo "2216"]
[PlyCount "87"]
[EventDate "2001.11.24"]
[SourceDate "2001.01.01"]

1. e4 g6 2. d4 Bg7 3. Nc3 c6 4. Be3 d5 5. e5 h5 6. f4 Nh6 7. Nf3 Bg4 8. Bf2 e6
9. h3 Bxf3 10. Qxf3 h4 11. Bd3 Nd7 12. O-O Bf8 13. Ne2 Be7 14. Kh2 Qb6 15. c4
dxc4 16. Bxc4 Qb4 17. Rfc1 Bd8 18. a3 Qe7 19. Nc3 Nb6 20. Ne4 Nf5 21. Nf6+ Kf8
22. d5 Nxc4 23. Rxc4 exd5 24. Bc5 dxc4 25. Bxe7+ Bxe7 26. Nd7+ Ke8 27. Rd1 Rd8
28. Nf6+ Bxf6 29. exf6 Rd7 30. Qe4+ Kd8 31. Rxd7+ Kxd7 32. Qxc4 Nd6 33. Qe2 Nf5
34. Qf2 a6 35. Qb6 Nd6 36. f5 g5 37. Qe3 Nxf5 38. Qxg5 Ke6 39. Qd2 Rc8 40. a4
Rg8 41. Qb4 Rb8 42. Qb6 Nd6 43. Qe3+ Kd5 44. Qg5+ 1-0

[Event "4NCL/Div2/SLO2 vs. PPA1"]
[Site "Birmingham ENG"]
[Date "2001.11.24"]
[Round "3.6"]
[White "Hammond, Andrew J.C"]
[Black "Keevil, Paul"]
[Result "1-0"]
[WhiteElo "2200"]
[BlackElo "2100"]
[PlyCount "53"]
[EventDate "2001.11.24"]
[SourceDate "2001.01.01"]

1. d4 d5 2. Nf3 Nf6 3. c4 e6 4. Nc3 c5 5. cxd5 Nxd5 6. e3 Nxc3 7. bxc3 cxd4 8.
exd4 Be7 9. Bd3 Nd7 10. O-O f5 11. Re1 Nf6 12. Qb3 Qd6 13. Bb5+ Kd8 14. Ng5 Rf8
15. Nxe6+ Bxe6 16. Rxe6 Qd5 17. Rxf6 Qxb3 18. Rxf8+ Bxf8 19. axb3 a6 20. Bd3 g6
21. Ra5 Rc8 22. Bd2 Rc6 23. b4 Rd6 24. b5 Bg7 25. bxa6 bxa6 26. Rxa6 Rd7 27.
Bg5+ 1-0

[Event "4NCL/Div2/SLO2 vs. PPA1"]
[Site "Birmingham ENG"]
[Date "2001.11.24"]
[Round "3.7"]
[White "McGowan, Daniel"]
[Black "Byway, Paul"]
[Result "0-1"]
[WhiteElo "2024"]
[BlackElo "2216"]
[PlyCount "102"]
[EventDate "2001.11.24"]
[SourceDate "2001.01.01"]

1. e4 c5 2. c3 d5 3. exd5 Qxd5 4. d4 e6 5. Nf3 Nf6 6. Bd3 cxd4 7. cxd4 Nc6 8.
O-O Be7 9. Nc3 Qd6 10. Be3 O-O 11. a3 Rd8 12. Qc2 g6 13. Rad1 Bd7 14. Rfe1 Rac8
15. Qe2 Be8 16. Bg5 Nd5 17. Ne4 Qc7 18. Bb1 Bxg5 19. Nfxg5 Qe7 20. Nf3 Kg7 21.
Ba2 h6 22. Ng3 Qf6 23. Ne4 Qe7 24. Ng3 Qc7 25. Ne5 Nf6 26. Qe3 Qa5 27. Nxc6
Bxc6 28. Ne2 Ba4 29. Rc1 Rc2 30. b4 Qc7 31. Bb1 Ng4 32. Qg3 Qxg3 33. hxg3 Rd2
34. f3 Ne3 35. Kf2 Nd1+ 36. Kg1 Nb2 37. Rc7 Bb5 38. Nf4 Kf6 39. Rxb7 a6 40. d5
e5 41. Rb6+ Kg7 42. Nxg6 Nc4 43. Rb7 R2xd5 44. Kh2 Rd1 45. Rxd1 Rxd1 46. Nxe5
Nxe5 47. Bf5 Rd2 48. f4 Bc6 49. Re7 Nf3+ 50. Kh3 Nd4 51. Be4 Re2 0-1

[Event "4NCL/Div2/SLO2 vs. PPA1"]
[Site "Birmingham ENG"]
[Date "2001.11.24"]
[Round "3.8"]
[White "Connolly, Suzanne"]
[Black "Houska, Mario"]
[Result "1-0"]
[WhiteElo "2086"]
[BlackElo "1600"]
[PlyCount "45"]
[EventDate "2001.11.24"]
[SourceDate "2001.01.01"]

1. e4 d5 2. exd5 Qxd5 3. Nc3 Qa5 4. d4 Nf6 5. Nf3 Bg4 6. Be2 e6 7. O-O Be7 8.
Ne5 Bxe2 9. Qxe2 O-O 10. Bf4 Qb6 11. Nc4 Qxd4 12. Bxc7 Nbd7 13. Rad1 Qh4 14.
Bg3 Qg4 15. Qxg4 Nxg4 16. Rxd7 Bf6 17. Rxb7 Rfd8 18. h3 Nh6 19. Be5 Bxe5 20.
Nxe5 f6 21. Nc6 Rd2 22. Rd1 Rxc2 23. Nd4 1-0

[Event "4NCL/Div2/KHE vs. NWE"]
[Site "Birmingham ENG"]
[Date "2001.11.24"]
[Round "3.1"]
[White "Jossien, Arnaud"]
[Black "Littlewood, John E"]
[Result "1-0"]
[WhiteElo "2334"]
[BlackElo "2285"]
[PlyCount "65"]
[EventDate "2001.11.24"]
[SourceDate "2001.01.01"]

1. e4 e5 2. Bc4 d6 3. Nf3 Be7 4. O-O Nf6 5. Re1 O-O 6. Bb3 Nbd7 7. c3 Nc5 8.
Bc2 d5 9. Nxe5 dxe4 10. b4 Bd6 11. bxc5 Bxe5 12. Bxe4 Bxh2+ 13. Kxh2 Ng4+ 14.
Kg1 Qh4 15. Qf3 Qh2+ 16. Kf1 f5 17. Bd5+ Kh8 18. d4 c6 19. Bc4 Bd7 20. Qh3 Qc7
21. Bg5 f4 22. Qh4 f3 23. g3 b5 24. Bd3 h6 25. Re7 Rae8 26. Nd2 Qc8 27. Rae1
Rxe7 28. Bxe7 Rg8 29. Qh5 Be8 30. Qf5 Qxf5 31. Bxf5 Nf6 32. Bxf6 gxf6 33. Re7
1-0

[Event "4NCL/Div2/KHE vs. NWE"]
[Site "Birmingham ENG"]
[Date "2001.11.24"]
[Round "3.2"]
[White "Charleshouse, Glenn L"]
[Black "Berry, Stephen H"]
[Result "1-0"]
[WhiteElo "2309"]
[BlackElo "2298"]
[PlyCount "135"]
[EventDate "2001.11.24"]
[SourceDate "2001.01.01"]

1. e4 e5 2. Nf3 Nc6 3. Bb5 a6 4. Bxc6 dxc6 5. O-O f6 6. d4 Bg4 7. dxe5 Qxd1 8.
Rxd1 fxe5 9. Rd3 Bd6 10. Nbd2 b5 11. b3 Nf6 12. Bb2 Nd7 13. h3 Be6 14. Ng5 Bg8
15. Nf1 h6 16. Nf3 Be6 17. Rad1 Rf8 18. Rxd6 cxd6 19. Rxd6 Ke7 20. Rxc6 Rfc8
21. Rxc8 Rxc8 22. Ne3 Kd6 23. Ba3+ Kc6 24. Bb2 Kd6 25. Ne1 Nc5 26. f3 a5 27.
Kf2 g6 28. Ke2 h5 29. Kd2 Rg8 30. Nd1 g5 31. Nf2 g4 32. hxg4 hxg4 33. Nfd3 Nd7
34. Bc3 b4 35. Bb2 gxf3 36. gxf3 Rg3 37. a3 bxa3 38. Bxa3+ Kc6 39. Bb2 Kd6 40.
Ba3+ Kc6 41. Bb2 Kd6 42. Bc3 Bh3 43. Bxa5 Bf1 44. Bb4+ Ke6 45. Nc5+ Nxc5 46.
Bxc5 Rh3 47. Bf2 Kd6 48. Ke3 Ke6 49. Bg1 Rh7 50. Kf2 Ba6 51. c4 Rb7 52. Nd3 Kd6
53. Nc1 Rb8 54. Ke3 Rh8 55. Nd3 Rb8 56. Nc1 Rh8 57. Ke2 Rb8 58. Kd2 Rf8 59. Ke3
Rh8 60. Bf2 Rh1 61. Kd2 Rh3 62. Ke2 Rh1 63. Be1 Rh2+ 64. Ke3 Rh8 65. Bb4+ Kc6
66. Nd3 Re8 67. Bc3 Kd6 68. Bxe5+ 1-0

[Event "4NCL/Div2/KHE vs. NWE"]
[Site "Birmingham ENG"]
[Date "2001.11.24"]
[Round "3.3"]
[White "McMichael, Richard"]
[Black "Quillan, Gary"]
[Result "1-0"]
[WhiteElo "2265"]
[BlackElo "2319"]
[PlyCount "125"]
[EventDate "2001.11.24"]
[SourceDate "2001.01.01"]

1. b3 e5 2. Bb2 d6 3. e3 Nf6 4. c4 g6 5. Nf3 Bg7 6. d4 e4 7. Nfd2 O-O 8. Nc3
Re8 9. Be2 h5 10. h3 h4 11. Nf1 c6 12. g3 Nh7 13. Qc2 d5 14. gxh4 Qxh4 15. cxd5
Ng5 16. Ng3 b5 17. O-O-O b4 18. Na4 cxd5 19. Kb1 Bd7 20. Nc5 a5 21. Rdg1 Rc8
22. Qd1 Ne6 23. Nxe6 Bxe6 24. Bg4 f5 25. Be2 Nd7 26. Qd2 Rc7 27. Rg2 Nf8 28.
Rgg1 Rb7 29. Rc1 Bh6 30. Rhg1 f4 31. Nh1 Qxh3 32. exf4 Qh4 33. Qd1 Bxf4 34. Rc6
Rh7 35. Bc1 Rc8 36. Rxc8 Bxc8 37. Ng3 Rc7 38. Be3 Rc3 39. Nf1 Be6 40. Bg4 Bxe3
41. Bxe6+ Nxe6 42. fxe3 Kf7 43. Qe2 Qh6 44. Qb5 Qh5 45. Ng3 Qg4 46. Qd7+ Kg8
47. Ne2 Qf5 48. Nxc3 bxc3 49. Qc8+ Kg7 50. Qxc3 Qf2 51. Rc1 Kf6 52. Rc2 Qg1+
53. Kb2 g5 54. Re2 Qf1 55. Qd2 Kg6 56. Rf2 Qh3 57. Qe2 Ng7 58. Qa6+ Qe6 59.
Qxa5 g4 60. Qc7 Nf5 61. Qf4 Nh4 62. Rh2 Kh5 63. a4 1-0

[Event "4NCL/Div2/KHE vs. NWE"]
[Site "Birmingham ENG"]
[Date "2001.11.24"]
[Round "3.4"]
[White "Tebb, David J"]
[Black "Thomas, Richard H"]
[Result "1-0"]
[WhiteElo "2244"]
[BlackElo "2230"]
[PlyCount "43"]
[EventDate "2001.11.24"]
[SourceDate "2001.01.01"]

1. e4 Nc6 2. d4 d5 3. e5 Bf5 4. c3 e6 5. Be3 Qd7 6. f4 Be7 7. Nf3 h5 8. Nbd2
Nh6 9. h3 Be4 10. Be2 Nf5 11. Bf2 O-O-O 12. O-O Kb8 13. b4 h4 14. Nb3 Rdg8 15.
Ng5 Bxg5 16. fxg5 f6 17. Nc5 Qf7 18. Qa4 Nd8 19. Bg4 fxg5 20. Nxe4 dxe4 21. d5
a6 22. dxe6 1-0

[Event "4NCL/Div2/KHE vs. NWE"]
[Site "Birmingham ENG"]
[Date "2001.11.24"]
[Round "3.5"]
[White "Ward, Julian T"]
[Black "Kennaugh, Charles W"]
[Result "0-1"]
[WhiteElo "2136"]
[BlackElo "2255"]
[PlyCount "84"]
[EventDate "2001.11.24"]
[SourceDate "2001.01.01"]

1. Nf3 d5 2. c4 d4 3. e3 Nc6 4. a3 e5 5. d3 dxe3 6. Bxe3 g6 7. b4 Bg7 8. Ra2
Nge7 9. b5 Nd4 10. Nxd4 exd4 11. Bf4 O-O 12. Be2 c6 13. bxc6 Nxc6 14. O-O Bf5
15. Rb2 Qe7 16. Bf3 Rfe8 17. Bd5 Rac8 18. Qf3 Qd7 19. h3 b6 20. Rd1 Ne5 21. Qg3
Qa4 22. Rdd2 Nxc4 23. Bxc4 Rxc4 24. dxc4 Re1+ 25. Kh2 Qxc4 26. Qb3 Qxb3 27.
Rxb3 Bxb1 28. Rc3 Bf5 29. Rc7 g5 30. Bg3 h5 31. f4 Ra1 32. Rxa7 d3 33. Rc7 Rxa3
34. fxg5 Bc3 35. Rd1 b5 36. Rc5 Be4 37. Rxb5 Ra2 38. h4 Bxg2 39. Rb8+ Kh7 40.
Rd8 Be4+ 41. Kg1 Rg2+ 42. Kf1 Rxg3 0-1

[Event "4NCL/Div2/KHE vs. NWE"]
[Site "Birmingham ENG"]
[Date "2001.11.24"]
[Round "3.6"]
[White "Hague, Ben"]
[Black "Mackenzie, Colin"]
[Result "1/2-1/2"]
[WhiteElo "2219"]
[BlackElo "2164"]
[PlyCount "42"]
[EventDate "2001.11.24"]
[SourceDate "2001.01.01"]

1. e4 e6 2. d4 d5 3. Nc3 Bb4 4. e5 c5 5. Bd2 Ne7 6. Nf3 cxd4 7. Nb5 Bxd2+ 8.
Qxd2 O-O 9. Bd3 Nbc6 10. O-O a6 11. Nbxd4 f6 12. Rfe1 Nxd4 13. Nxd4 Nc6 14. Nf3
fxe5 15. Nxe5 Qf6 16. Ng4 Qxb2 17. Qg5 g6 18. h4 Qg7 19. h5 Qe7 20. Qh6 Qg7 21.
Qg5 Qe7 1/2-1/2

[Event "4NCL/Div2/KHE vs. NWE"]
[Site "Birmingham ENG"]
[Date "2001.11.24"]
[Round "3.7"]
[White "Okike, David C"]
[Black "Gillibrand, John"]
[Result "1-0"]
[WhiteElo "2149"]
[BlackElo "2063"]
[PlyCount "105"]
[EventDate "2001.11.24"]
[SourceDate "2001.01.01"]

1. e4 c5 2. Nf3 d6 3. d4 cxd4 4. Nxd4 Nf6 5. Nc3 a6 6. f4 e5 7. Nb3 Nbd7 8. Qf3
b5 9. Bd3 Be7 10. Be3 exf4 11. e5 Nxe5 12. Qxa8 fxe3 13. Nd5 Nxd5 14. Qxd5 Qb6
15. Qd4 Qxd4 16. Nxd4 Nxd3+ 17. cxd3 Bf6 18. Nc2 Bxb2 19. Rb1 Bc3+ 20. Ke2 Be6
21. a3 Ba2 22. Rbf1 Kd7 23. Nb4 Bxb4 24. axb4 Bd5 25. Rhg1 Re8 26. Ra1 Bb7 27.
Rgf1 f6 28. Rf4 Re7 29. g3 Ke8 30. d4 Rc7 31. Kd3 Ke7 32. h4 g6 33. g4 Rc4 34.
Rb1 Bc8 35. Kxe3 f5 36. gxf5 Bxf5 37. Rb2 h5 38. Kd2 d5 39. Ra2 Rc6 40. Ra3 Be4
41. Rc3 Rxc3 42. Kxc3 Bf5 43. Rf1 Kf6 44. Rg1 Ke7 45. Kd2 Kf6 46. Ke3 Ke6 47.
Ra1 Kd6 48. Rxa6+ Kc7 49. Kf4 Kb7 50. Rd6 Be4 51. Kg5 Kc7 52. Rxg6 Bxg6 53.
Kxg6 1-0

[Event "4NCL/Div2/KHE vs. NWE"]
[Site "Birmingham ENG"]
[Date "2001.11.24"]
[Round "3.8"]
[White "Summerscale, Claire E"]
[Black "Kelly, Alexandra M"]
[Result "1-0"]
[WhiteElo "2031"]
[BlackElo "1736"]
[PlyCount "53"]
[EventDate "2001.11.24"]
[SourceDate "2001.01.01"]

1. d4 Nf6 2. Nc3 d5 3. Bg5 Nbd7 4. f3 c6 5. e4 dxe4 6. fxe4 e5 7. dxe5 Qa5 8.
Bd2 Qxe5 9. Nf3 Qc5 10. Bd3 Ne5 11. Qe2 g6 12. Na4 Nxd3+ 13. Qxd3 Qe7 14. O-O-O
Bg7 15. Bb4 Qd7 16. Qc3 Qe6 17. Rhe1 Nh5 18. Qd2 Bf6 19. e5 Be7 20. Nc5 Qc4 21.
Na6 bxa6 22. Bxe7 Qf4 23. Re3 Be6 24. Bg5 Qxe3 25. Qxe3 O-O 26. Bf6 Rab8 27.
Qh6 1-0

[Event "4NCL/Div2/PYO vs. BGR3"]
[Site "Birmingham ENG"]
[Date "2001.11.24"]
[Round "3.1"]
[White "Hanley, Craig A"]
[Black "Cooper, Andrew G"]
[Result "1-0"]
[WhiteElo "2303"]
[BlackElo "2182"]
[PlyCount "55"]
[EventDate "2001.11.24"]
[SourceDate "2001.01.01"]

1. c4 e6 2. Nc3 d5 3. d4 Nf6 4. cxd5 exd5 5. Bg5 Be7 6. e3 O-O 7. Bd3 c6 8. Qc2
Nbd7 9. Nge2 Re8 10. O-O Nf8 11. f3 g6 12. Rad1 Be6 13. e4 Qa5 14. e5 N6d7 15.
Bxe7 Rxe7 16. f4 Bg4 17. f5 Bxe2 18. Qxe2 b5 19. Qd2 Qb6 20. Qf2 b4 21. Ne2 c5
22. Qh4 Ree8 23. e6 fxe6 24. f6 Kf7 25. Qh6 e5 26. Qg7+ Ke6 27. f7 Re7 28. dxe5
1-0

[Event "4NCL/Div2/PYO vs. BGR3"]
[Site "Birmingham ENG"]
[Date "2001.11.24"]
[Round "3.2"]
[White "Lock, Gavin R"]
[Black "Bigg, Andrew J"]
[Result "0-1"]
[WhiteElo "2153"]
[BlackElo "2250"]
[PlyCount "102"]
[EventDate "2001.11.24"]
[SourceDate "2001.01.01"]

1. d4 Nf6 2. Nf3 g6 3. c4 Bg7 4. Nc3 O-O 5. e4 d6 6. Be2 e5 7. O-O Nc6 8. d5
Ne7 9. Ne1 Ne8 10. Be3 f5 11. f3 f4 12. Bf2 g5 13. c5 Ng6 14. a4 Rf7 15. a5 h5
16. Nd3 a6 17. c6 Nf6 18. Qb3 bxc6 19. dxc6 Qe8 20. Nb4 Be6 21. Bc4 Bxc4 22.
Qxc4 g4 23. Nxa6 Rxa6 24. Qxa6 g3 25. Ba7 gxh2+ 26. Kh1 h4 27. Qb5 Bf8 28. Nd5
Nh5 29. Qb8 Ng3+ 30. Kxh2 Nxf1+ 31. Rxf1 Qxc6 32. b4 Qc4 33. Rf2 c6 34. Nc7 h3
35. gxh3 Nh4 36. Bb6 Qd3 37. Qc8 Nxf3+ 38. Rxf3 Qxf3 39. Qg4+ Qxg4 40. hxg4 f3
41. Kg1 Bh6 42. Ne8 c5 43. bxc5 Be3+ 44. Kf1 dxc5 45. a6 Kh8 46. Bc7 Re7 47. a7
Rxe8 48. Bb8 Rd8 49. Ke1 f2+ 50. Ke2 Rd1 51. Bxe5+ Kh7 0-1

[Event "4NCL/Div2/PYO vs. BGR3"]
[Site "Birmingham ENG"]
[Date "2001.11.24"]
[Round "3.3"]
[White "Taylor, Martin R"]
[Black "Gunter, David W.W"]
[Result "1-0"]
[WhiteElo "2183"]
[BlackElo "2136"]
[PlyCount "111"]
[EventDate "2001.11.24"]
[SourceDate "2001.01.01"]

1. c4 e6 2. g3 d5 3. Nf3 c5 4. Bg2 Nc6 5. O-O Nf6 6. cxd5 exd5 7. d4 Be7 8. Nc3
O-O 9. dxc5 Bxc5 10. Bg5 d4 11. Bxf6 Qxf6 12. Ne4 Qe7 13. Nxc5 Qxc5 14. Rc1 Qb6
15. Qb3 Qxb3 16. axb3 Be6 17. b4 a6 18. Ng5 Bg4 19. Bxc6 bxc6 20. f3 Bf5 21. g4
Bg6 22. Rfd1 Rfe8 23. Kf2 f6 24. Nh3 d3 25. e4 Rab8 26. Nf4 Rxb4 27. Nxd3 Rb6
28. Rc5 Rd8 29. Ke3 Be8 30. Ra1 h6 31. h4 Bf7 32. b4 Be8 33. g5 Kh7 34. gxf6
gxf6 35. Rg1 Bf7 36. Rgc1 Be8 37. Rf5 Rd6 38. Ra5 Bf7 39. Rc3 Rd8 40. Rac5 Be8
41. R3c4 Bf7 42. Rd4 Rxd4 43. Kxd4 Bb3 44. Kc3 Ba4 45. Rf5 Kg7 46. Nc5 Bd1 47.
Kd2 Bxf3 48. Rxf3 Rxb4 49. Kc3 Rb1 50. Nxa6 Rg1 51. Nc5 Rg4 52. h5 Rg1 53. Kd2
Rg4 54. Ke3 Rg1 55. Ne6+ Kf7 56. Nd8+ 1-0